Logo Biblioteca

El baile / (Registro nro. 911)

Detalles MARC
000 -LEADER
fixed length control field 01367nam a22002417a 4500
003 - CONTROL NUMBER IDENTIFIER
control field AR-RoUNCS
005 - DATE AND TIME OF LATEST TRANSACTION
control field 20260224133654.0
008 - FIXED-LENGTH DATA ELEMENTS--GENERAL INFORMATION
fixed length control field 181211s2012 ag o gr 001 f spa
015 ## - NATIONAL BIBLIOGRAPHY NUMBER
National bibliography number AR-2012
020 ## - INTERNATIONAL STANDARD BOOK NUMBER
International Standard Book Number 978-987-1652-98-3
040 ## - CATALOGING SOURCE
Original cataloging agency AR-BaBN
Language of cataloging spa
Transcribing agency AR-RoUNCS
Description conventions aacr
080 1# - UNIVERSAL DECIMAL CLASSIFICATION NUMBER
Universal Decimal Classification number 82-32(477)
Edition identifier 2016
100 1# - MAIN ENTRY--PERSONAL NAME
Personal name Némirovsky, Irène,
Dates associated with a name 1903-1942
Relator term autora
Relationship aut
245 13 - TITLE STATEMENT
Title El baile /
Statement of responsibility, etc. Irène Némirovsky.
250 ## - EDITION STATEMENT
Edition statement 1a ed.
260 ## - PUBLICATION, DISTRIBUTION, ETC.
Place of publication, distribution, etc. Buenos Aires :
Name of publisher, distributor, etc. La Estación,
Date of publication, distribution, etc. 2012.
300 ## - PHYSICAL DESCRIPTION
Extent 96 p. :
Other physical details il. col. ;
Dimensions 18 cm.
520 3# - SUMMARY, ETC.
Summary, etc. El vínculo entre madre e hija es uno de los ás entrañables y, a la vez, conflictivos entre las relaciones humanas. Desde las antiguas tragedias y mitos griegos, este ha sido uno de los temas predilectos de la literatura universal. En esta novela breve, Irène Némirovsky nos acerca una historia simple y profunda, dónde la búsqueda de la propia identidad y la realización de los deseos de una juven y su madre entran en conflicto durante los preprativos de un baile. Pronto las máscaras de los adultos serán derribadas por la mirada atenta y el accionar intencionado de la muchacha, quien no aceptará ser excluída de un mundo al que todos quieren pertenecer. (Notas del editor).
650 #7 - SUBJECT ADDED ENTRY--TOPICAL TERM
Source of heading or term embne
Topical term or geographic name entry element Literatura eslava
655 #7 - INDEX TERM--GENRE/FORM
Genre/form data or focus term Novelas cortas
Source of term embne
655 #7 - INDEX TERM--GENRE/FORM
Genre/form data or focus term Novelas juveniles
942 ## - ADDED ENTRY ELEMENTS (KOHA)
Source of classification or shelving scheme Universal Decimal Classification
Koha item type Obra General
Suppress in OPAC No
Existencias
Withdrawn status Lost status Source of classification or shelving scheme Damaged status Not for loan Collection Home library Current library Date acquired Source of acquisition Total checkouts Full call number Barcode Date last seen Price effective from Koha item type
    Universal Decimal Classification     Colección General Biblioteca Escuela de Ciencias Sociales Biblioteca Escuela de Ciencias Sociales 24/02/2026 Donación 2023   82-32(477) N343 000585 24/02/2026 24/02/2026 Obra General
Biblioteca de la Escuela Preuniversitaria en Ciencias Sociales y Humanísticas.
Riobamba 250 bis.
CP 2000 - Rosario - Santa Fe
E-Mail: biblioteca@esociales.unr.edu.ar